Zmeny vo vodcovstve vyvolané súčasnými megatrendami diplomová práca

Uložené v:
Podrobná bibliografia
Hlavný autor: Fóková, Vanesa
Korporativný autor: Fakulta podnikového manažmentu EU. Katedra manažmentu
Ďalší autori: Procházková, Katarína, 1983-
Médium: Kniha
Jazyk:Slovak
Vydavateľské údaje: Bratislava 2025
Tagy: Pridať tag
Žiadne tagy, Buďte prvý, kto otaguje tento záznam!

MARC

LEADER 00000nbm a2200000 4500
001 0309878
005 20251217134617.6
041 0 |a slo 
044 |a SK 
245 1 0 |a Zmeny vo vodcovstve vyvolané súčasnými megatrendami  |b diplomová práca  |c Vanesa Fóková ; školiteľ: Katarína Procházková 
264 1 |a Bratislava  |c 2025 
300 |a 78 s. 
100 1 |a Fóková, Vanesa 
700 1 |a Procházková, Katarína, 1983- 
710 2 |a Fakulta podnikového manažmentu EU. Katedra manažmentu